00454nam a2200133Ia 4500100002300000942000700023654001300030245006500043260003900108300000800147546001200155999001700167952013600184 aBerlin/ Howard M.  cBK acircuits aFund. of operational amplifiers & linear integrated circuits bMaxwell MacmillanaSingaporec1992 a422 aENGLISH c27135d27135 001040708CRCaCRCEbCRCEd2023-03-17eProgressive Booksg443.40i2056 dt 05.9.92l0o p3824r2023-03-17v443.40w1992-09-05yBK